| LEADER | 00616nam a2200265 a 4500 | ||
|---|---|---|---|
| 001 | 000024713 | ||
| 003 | SVKKK | ||
| 005 | 20070419125218.0 | ||
| 008 | 030616c1991 xo e sloo | ||
| FMT | |||
| 038 | |a SVKKK | ||
| 040 | |a SVKKK |b slo |e AACR2 | ||
| 041 | 0 | |a slo | |
| 044 | |a xo | ||
| 080 | |a 621.73(075.8) |2 1981 | ||
| 080 | |a 669(075.8) |2 1981 | ||
| 100 | 1 | |a Maár, Karol |4 aut | |
| 245 | 1 | 0 | |a Kovanie / |c Maár Karol |
| 260 | |a Košice : |b TU, |c 1991 | ||
| 300 | |a 317 s. : |b Obr., tab., grafy, lit. | ||
| 650 | 0 | 4 | |a kovanie |x hutníctvo |x učebnice |
| 992 | |a ASK | ||
| BAS | |||
| 852 | |a SVKKK |b BIB | ||
| 998 | |a HUT | ||